Vybrané oblasti novely spotrebnej dane z liehu
Novelou zákona č. 105/2004 Z.z. o spotrebnej dani z liehu a o zmene a doplnení zákona č. 467/2002 Z.z. o výrobe a uvádzaní liehu na trh v znení zákona č. 211/2003 Z.z., zákona č. 556/2004 Z.z. a zákona č. 632/2004 Z.z. dochádza k zjednodušeniu predaja spotrebiteľského balenia liehu zahraničným zástu...
Guardado en:
| Autor principal: | |
|---|---|
| Otros Autores: | |
| Formato: | Capítulo de libro |
| Lenguaje: | eslovaco |
| Materias: | |
| Etiquetas: |
Sin Etiquetas, Sea el primero en etiquetar este registro!
|
MARC
| LEADER | 00000naa$a2200000$$$4500 | ||
|---|---|---|---|
| 001 | 0026163 | ||
| 005 | 20240502071424.8 | ||
| 041 | 0 | |a slo | |
| 044 | |a SK | ||
| 245 | 1 | 0 | |a Vybrané oblasti novely spotrebnej dane z liehu |c Anna Schultzová, Michal Borodovčák |
| 520 | |a Novelou zákona č. 105/2004 Z.z. o spotrebnej dani z liehu a o zmene a doplnení zákona č. 467/2002 Z.z. o výrobe a uvádzaní liehu na trh v znení zákona č. 211/2003 Z.z., zákona č. 556/2004 Z.z. a zákona č. 632/2004 Z.z. dochádza k zjednodušeniu predaja spotrebiteľského balenia liehu zahraničným zástupcom pôsobiacim na území SR, ako aj k iným zmenám a doplneniam. | ||
| 610 | 2 | 0 | |a lieh |
| 610 | 2 | 0 | |a dane spotrebné |
| 610 | 2 | 0 | |a novelizácia |
| 610 | 2 | 0 | |a zákony |
| 100 | 1 | |a Schultzová, Anna | |
| 700 | 1 | |a Borodovčák, Michal | |